Biblioteca

A promised land, a perilous journey (Registro nro. 64871)

Detalles MARC
000 -LÍDER
Campo fijo de descripción fija 03439cam a2200433 i 4500
001 - NÚMERO DE CONTROL
Campo de control a4412563
003 - IDENTIFICADOR DEL NÚMERO DE CONTROL
Campo de control SpMaBN
005 - FECHA Y HORA DE LA ULTIMA TRANSACCIÓN
control field 20190308113458.0
008 - ELEMENTOS DE LONGITUD FIJA -- INFORMACIÓN GENERAL
Campo fijo de descripción fija -- Información general 090120t20082007inu g |||| 001 0 eng
020 ## - NÚMERO INTERNACIONAL NORMALIZADO PARA LIBROS
Número Internacional Normalizado del libro 9780268029739
020 ## - NÚMERO INTERNACIONAL NORMALIZADO PARA LIBROS
Número Internacional Normalizado del libro 0268029733
040 ## - FUENTE DE CATALOGACIÓN
Agencia de catalogación original SpMaBN
Idioma de catalogación spa
Agencia que realiza la transcripción CO-MdFUSB
Convenciones de la descripción rdc
Agencia que realiza la modificación CO-MdFUSBC
041 ## - CÓDIGO DE IDIOMA
Código de idioma para texto/pista de sonido o título separado eng
080 ## - UNIVERSAL DECIMAL CLASSIFICATION NUMBER
Universal Decimal Classification number 314.7:28
080 ## - UNIVERSAL DECIMAL CLASSIFICATION NUMBER
Universal Decimal Classification number 314.15(73):314.7
080 ## - UNIVERSAL DECIMAL CLASSIFICATION NUMBER
Universal Decimal Classification number 268-054.72
080 ## - UNIVERSAL DECIMAL CLASSIFICATION NUMBER
Universal Decimal Classification number 308-054.72(=1.72:73)
082 ## - NÚMERO DE CLASIFICACIÓN DECIMAL DEWEY
Número de la edición del Dewey 23
Número de clasificación G 259.086
Clave de autor-Numero de item P965p
245 12 - TÍTULO
Título del Material A promised land, a perilous journey
Parte restante del título - Subtitulo : theological perspectives on migration
Mención de responsabilidad, etc. / editado por Daniel G. Groody y Gioacchino Campese
264 #1 - PRODUCCIÓN, PUBLICACIÓN, DISTRIBUCIÓN, MANUFACTURA, Y COPYRIGHT
Lugar de producción, publicación, distribución, manufactura Notre Dame, Indiana :
Nombre del productor, publicador, distribuidor University of Notre Dame Press,
Fecha de producción, publicación, distribución, manufactura, o copyright ℗[2007]
264 #4 - PRODUCCIÓN, PUBLICACIÓN, DISTRIBUCIÓN, MANUFACTURA, Y COPYRIGHT
Fecha de producción, publicación, distribución, manufactura, o copyright ©2008
300 ## - DESCRIPCIÓN FÍSICA
Extensión XXVII, 332 páginas ;
Dimensiones 23 cm
336 ## - TIPO DE CONTENIDO
Fuente rdacontent
Término de tipo de contenido texto
Código de tipo de contenido txt
337 ## - TIPO DE MEDIO
Fuente rdamedia
Nombre del tipo de medio sin mediación
Código del tipo de medio n
338 ## - TIPO DE SOPORTE
Fuente rdacarrier
Nombre del tipo de soporte volumen
Código Tipo de soporte nc
501 ## - NOTA DE “CON”
Nota de Contenido Incluye índices (páginas 320- 332)
505 ## - NOTA DE CONTENIDO
Nota de contenido con formato preestablecido Parte 1: Fundamentos de una teología de la migración -- Fe para el viaje: La religión como recurso para los migrantes / Jacqueline Hagan -- Amados extranjeros y exiliados: Perspectivas del Nuevo Testamento sobre la migración / Donald Senior -- Migración en la era patrística: Historia y teología / Peter C. Phan -- Dios en el desierto: Buscando lo divino en medio de la muerte / Alex Nava -- Pobreza, migración y la opción por los pobres / Gustavo Gutiérrez -- Parte 2: Misión, ministerio y migración -- Misión entre migrantes, misión de migrantes: Misión de la iglesia / Stephen Bevans -- Migrantes y el ministerio de reconciliación / Robert Schreiter -- Por el amor de los migrantes: La tradición Scalabriniana / Giovanni Graziano Tassello -- Los noventa y nueve ovejas y la misión de la iglesia: El cuidado pastoral de los inmigrantes hispanos / Patrick Murphy -- La historia de las fronteras humanas / Robin Hoover -- Parte 3: La política de derechos soberanos, derechos culturales y derechos humanos -- Migración y dignidad humana: de políticas de exclusión a políticas basadas en derechos humanos / Graziano Battistella -- Los derechos naturales de los migrantes y recién llegados: un desafío a la ley de los Estados Unidos y política / Donald Kerwin -- La hermenéutica y la política de los extraños: una contribución filosófica sobre el desafío de la convivencia en las sociedades multiculturales / Raúl Fornet-Betancourt -- El género del riesgo: la violencia sexual contra las mujeres indocumentadas / Olivia Ruiz Marrujo -- Parte 4: Teologías constructivas de la inmigración - Una teología de la migración: hacia una metodología intercultural / Jorge E. Castillo Guerra -- ¿Cuantos mas? Los pueblos crucificados en la frontera de Estados Unidos y México / Gioacchino Campese -- Fruto de la vid y el trabajo de manos humanas: Inmigración y eucaristía / Daniel G. Groody
650 #7 - ASIENTO SECUNDARIO DE MATERIA - TERMINO TEMÁTICO
Término temático o nombre geográfico como elemento de entrada Emigración e inmigración
Subdivisión general Aspectos religiosos
-- Iglesia Católica
Fuente del encabezamiento o término embne
650 #7 - ASIENTO SECUNDARIO DE MATERIA - TERMINO TEMÁTICO
Término temático o nombre geográfico como elemento de entrada Emigración e inmigración
Subdivisión general Política gubernamental
Subdivisión geográfica Estados Unidos
Fuente del encabezamiento o término embne
650 #7 - ASIENTO SECUNDARIO DE MATERIA - TERMINO TEMÁTICO
Término temático o nombre geográfico como elemento de entrada Emigrantes
Subdivisión general Pastoral
Fuente del encabezamiento o término embne
650 #7 - ASIENTO SECUNDARIO DE MATERIA - TERMINO TEMÁTICO
Término temático o nombre geográfico como elemento de entrada Mexicanos
Subdivisión geográfica Estados Unidos
Subdivisión general Situación social
Fuente del encabezamiento o término embne
700 1# - ASIENTO SECUNDARIO - NOMBRE PERSONAL
Nombre personal Groody, Daniel G.
Fechas asociadas con el nombre 1964-
Responsabilidad editor
700 1# - ASIENTO SECUNDARIO - NOMBRE PERSONAL
Nombre personal Campese, Gioacchino
Fechas asociadas con el nombre 1967-
Responsabilidad editor
700 1# - ASIENTO SECUNDARIO - NOMBRE PERSONAL
Nombre personal Rodríguez Maradiaga, Óscar Andrés
Fechas asociadas con el nombre 1942-
942 ## - TIPO DE MATERIAL (KOHA)
Tipo de Item KOHA Libros General
956 ## - LOCAL ELECTRONIC LOCATION AND ACCESS (OCLC)
Host name 2
Existencias
Estado de Material Estado de Perdido Forma de Clasificación Estado de Dañado No para Préstamo Colección Biblioteca de Origen Biblioteca Permanente Fecha de Adquisición Total de Préstamos Total de Renovaciones Signatura Topográfica Código de Barras Última vez visto Última vez Préstado Fecha de Remplazo Tipo de Material
    Dewey Decimal Classification     Colección General Biblioteca FUSBC Biblioteca FUSBC 07/03/2019 2 2 G 259.086 P965p 11988 12/12/2019 12/11/2019 07/03/2019 Libros General

Biblioteca FUSBC | Teléfono: (57+4) 349 88 10 Ext. 141| WhatsApp (+57) 3005338115 
E-mail: biblioteca@unisbc.edu.co | Calle 76 87-14 Robledo Palenque, Medellín, Colombia

Con tecnología Koha